Closest 1M+ Cities to 150 Random Points 2 - Statistics

General Stats
  • This quiz has been taken 15 times
  • The average score is 137 of 150
Answers on the Map
Answers color-coded by a green-red scale on the quiz's map according to % correct below.
 
Answer Stats
Cities % Correct
Adelaide | Melbourne | Perth | Sydney | Brisbane
100%
Adelaide | Perth | Melbourne | Sydney | Brisbane
100%
Antananarivo | Durban | Maputo | Matola | Johannesburg
100%
Brisbane | Sydney | Melbourne | Adelaide | Perth
100%
Brisbane | Sydney | Melbourne | Guadalajara | Zapopan
100%
Bulawayo | Pretoria | Johannesburg | Soweto | Matola
100%
Calgary | Edmonton | Chicago | Dallas | Phoenix
100%
Cape Town | Durban | Soweto | Johannesburg | Matola
100%
Cape Town | Durban | Soweto | Johannesburg | Pretoria
100%
Cape Town | Luanda | Soweto | Johannesburg | Pretoria
100%
Chicago | Toronto | Philadelphia | New York City | Manhattan
100%
Curitiba | São Paulo | Guarulhos | Campinas | Porto Alegre
100%
Dublin | Birmingham | London | Paris | Brussels
100%
Edmonton | Calgary | Chicago | San Jose | Toronto
100%
Edmonton | Calgary | San Jose | Chicago | Montréal
100%
Edmonton | Calgary | San Jose | Los Angeles | San Diego
100%
Edmonton | Montréal | Calgary | Toronto | Chicago
100%
Jepara | Batam | Palembang | Singapore | Semarang
100%
Karbala | Baghdad | Basrah | Al Başrah al Qadīmah | Kirkuk
100%
London | Paris | Brussels | Birmingham | Dublin
100%
Madrid | Paris | Dublin | London | Birmingham
100%
Melbourne | Adelaide | Perth | Sydney | Brisbane
100%
Melbourne | Adelaide | Sydney | Brisbane | Perth
100%
Melbourne | Adelaide | Sydney | Perth | Brisbane
100%
Melbourne | Perth | Adelaide | Sydney | Brisbane
100%
Melbourne | Sydney | Adelaide | Brisbane | Perth
100%
Melbourne | Sydney | Santiago | Adelaide | Brisbane
100%
Montevideo | Buenos Aires | Porto Alegre | Cape Town | Curitiba
100%
Montevideo | Buenos Aires | Porto Alegre | Córdoba | Curitiba
100%
Montevideo | Buenos Aires | Santiago | Córdoba | Porto Alegre
100%
Montevideo | Porto Alegre | Buenos Aires | Curitiba | São Paulo
100%
Paris | Brussels | Milan | Munich | London
100%
Perth | Adelaide | Melbourne | Sydney | Brisbane
100%
Perth | Melbourne | Adelaide | Sydney | Brisbane
100%
Rio de Janeiro | Guarulhos | São Paulo | Belo Horizonte | Campinas
100%
Salvador | Maceió | Fortaleza | Recife | Brasília
100%
San Jose | Los Angeles | San Diego | Tijuana | Mexicali
100%
San Jose | Sapporo | Sendai | Saitama | Tokyo
100%
Santiago | Buenos Aires | Montevideo | Córdoba | Porto Alegre
100%
Santiago | Córdoba | Arequipa | Buenos Aires | Callao
100%
Santiago | Córdoba | Buenos Aires | Montevideo | Arequipa
100%
Santiago | Córdoba | Buenos Aires | Montevideo | Sydney
100%
Santiago de los Caballeros | Santo Domingo | Port-au-Prince | Maracaibo | Havana
100%
Sapporo | Sendai | Saitama | Tokyo | Kawasaki
100%
Shubrā al Khaymah | Cairo | Giza | Alexandria | Amman
100%
Soweto | Pretoria | Johannesburg | Bulawayo | Matola
100%
Sydney | Brisbane | Melbourne | Adelaide | Perth
100%
Sydney | Brisbane | Melbourne | Adelaide | Santiago
100%
Tijuana | San Diego | Los Angeles | Mexicali | San Jose
100%
Tijuana | San Diego | Mexicali | Los Angeles | San Jose
100%
Algiers | Barcelona | Madrid | Rabat | Casablanca
93%
Antananarivo | Dar es Salaam | Mogadishu | Mombasa | Tirunelveli
93%
Antananarivo | Dar es Salaam | Mombasa | Mogadishu | Maputo
93%
Baku | Tbilisi | Karaj | Tehran | Mashhad
93%
Bogotá | Barquisimeto | Valencia | Maracay | Medellín
93%
Brisbane | Sydney | Melbourne | Adelaide | Tijuana
93%
Budapest | Vienna | Belgrade | Warsaw | Bucharest
93%
Callao | Lima | Arequipa | Guayaquil | La Paz
93%
Callao | Lima | Arequipa | Guayaquil | Quito
93%
Callao | Lima | Santiago | Guadalajara | Zapopan
93%
Camayenne | Conakry | Dakar | Bamako | Fortaleza
93%
Cape Town | Luanda | Kinshasa | Brazzaville | Soweto
93%
Dakar | Camayenne | Conakry | Bamako | Casablanca
93%
Dakar | Camayenne | Conakry | Bamako | Fortaleza
93%
Dakar | Camayenne | Conakry | Casablanca | Rabat
93%
Davao | Malingao | Budta | Quezon City | Manila
93%
Dublin | Birmingham | London | Brussels | Copenhagen
93%
Dublin | Birmingham | Montréal | Stockholm | London
93%
Dublin | Montréal | Birmingham | London | The Bronx
93%
Fushun | Shenyang | Pyongyang | Anshan | Changchun
93%
Kaohsiung | Taichung | Taipei | Jinjiang | Xiamen
93%
Khartoum | Omdurman | Yaoundé | Kampala | Kigali
93%
Luanda | Kinshasa | Brazzaville | Cape Town | Douala
93%
Manaus | Belém | Caracas | Maracay | Valencia
93%
Mandalay | Comilla | Chattogram | Dhaka | Khulna
93%
Manila | Caloocan City | Quezon City | Budta | Malingao
93%
Maracay | Valencia | Caracas | Barquisimeto | Maracaibo
93%
Medellín | Barranquilla | Cali | Bogotá | Quito
93%
Melbourne | Adelaide | Perth | Sydney | Cape Town
93%
Mogadishu | Mombasa | Nairobi | Dar es Salaam | Addis Ababa
93%
Perth | Adelaide | Melbourne | Sydney | Bandung
93%
Perth | Melbourne | Adelaide | Sydney | Durban
93%
Quito | Guayaquil | Cali | Medellín | Bogotá
93%
Rabat | Casablanca | Ouagadougou | Algiers | Bamako
93%
Rangpur | Kathmandu | Dhaka | Comilla | Patna
93%
Santiago | Callao | Lima | Córdoba | Arequipa
93%
Santiago | Córdoba | Callao | Lima | Arequipa
93%
Stockholm | Saint Petersburg | Copenhagen | Dublin | Moscow
93%
Abu Dhabi | Dubai | Sharjah | Dammam | Shiraz
86%
Aleppo | Gaziantep | Diyarbakır | Adana | Damascus
86%
Antananarivo | Maputo | Matola | Durban | Dar es Salaam
86%
Bamako | Conakry | Camayenne | Ouagadougou | Dakar
86%
Cape Town | Durban | Perth | Maputo | Matola
86%
Durban | Cape Town | Maputo | Matola | Soweto
86%
Fortaleza | Belém | Recife | Maceió | Salvador
86%
Krasnoyarsk | Daqing | Harbin | Novosibirsk | Changchun
86%
Krasnoyarsk | Daqing | Harbin | Sapporo | Jilin
86%
Luanda | Brazzaville | Kinshasa | Douala | Port Harcourt
86%
Lubumbashi | Lusaka | Harare | Dar es Salaam | Kigali
86%
Monterrey | San Antonio | Ciudad Juárez | León de los Aldama | Houston
86%
Montréal | Dublin | Birmingham | Toronto | Stockholm
86%
Montréal | Dublin | Edmonton | Toronto | Birmingham
86%
Montréal | Toronto | Dublin | Edmonton | The Bronx
86%
Namangan | Tashkent | Shymkent | Almaty | Peshawar
86%
Omsk | Chelyabinsk | Yekaterinburg | Novosibirsk | Ufa
86%
Sapporo | Sendai | Harbin | Daqing | Jilin
86%
Sapporo | Sendai | Harbin | Jilin | Saitama
86%
Shymkent | Tashkent | Namangan | Almaty | Kabul
86%
Shymkent | Tashkent | Namangan | Mashhad | Almaty
86%
Stockholm | Saint Petersburg | Copenhagen | Dublin | Birmingham
86%
Stockholm | Saint Petersburg | Copenhagen | Dublin | Hamburg
86%
Yokohama | Kawasaki | Tokyo | Davao | Saitama
86%
Daqing | Harbin | Changchun | Jilin | Fushun
79%
Daqing | Harbin | Jilin | Changchun | Fushun
79%
Edmonton | Calgary | Krasnoyarsk | Saint Petersburg | Stockholm
79%
Edmonton | Calgary | Saint Petersburg | Krasnoyarsk | Montréal
79%
Fukuoka | Busan | Hiroshima | Gwangju | Daegu
79%
Guadalajara | Zapopan | Iztapalapa | Mexico City | Ciudad Nezahualcoyotl
79%
Krasnoyarsk | Novosibirsk | Omsk | Yekaterinburg | Chelyabinsk
79%
Makassar | Surabaya | Davao | Jepara | Semarang
79%
Montréal | The Bronx | Queens | Manhattan | Brooklyn
79%
Queens | Philadelphia | Brooklyn | New York City | Manhattan
79%
Saint Petersburg | Stockholm | Copenhagen | Nizhny Novgorod | Moscow
79%
Saint Petersburg | Stockholm | Nizhny Novgorod | Moscow | Copenhagen
79%
Sendai | Kawasaki | Yokohama | Tokyo | Saitama
79%
Cape Town | Durban | Melbourne | Perth | Adelaide
71%
Wuwei | Bayan Nur | Xining | Yinchuan | Ürümqi
71%
Meishan | Chengdu | Mianyang | Zigong | Neijiang
57%
Saint Petersburg | Stockholm | Yekaterinburg | Nizhny Novgorod | Kazan
50%
Davao | Malingao | Budta | Makassar | Quezon City
43%
Guadalajara | Zapopan | León de los Aldama | Tijuana | San Diego
43%
Tirunelveli | Teni | Coimbatore | Madurai | Tiruchirappalli
29%
No matching quizzes found
Score Distribution
Percent of People with Each Score
Percentile by Number Answered
Your Score History
You have not taken this quiz